[Event "Bratto op 25th"]
[Site "Bratto"]
[Date "2005.08.28"]
[Round "9"]
[White "Piantoni, Roberto"]
[Black "Bracali, Andrea"]
[Result "1/2-1/2"]
[WhiteElo "2186"]
[BlackElo "2119"]
[PlyCount "25"]
[EventDate "2005.08.20"]
[EventType "swiss"]
[EventRounds "9"]
[EventCountry "ITA"]
[SourceTitle "CBM 108 Extra"]
[Source "ChessBase"]
[SourceDate "2005.11.04"]
[SourceVersion "1"]
[SourceVersionDate "2005.11.04"]
[SourceQuality "1"]

1. Nf3 d5 2. g3 c6 3. Bg2 Bf5 4. c4 e6 5. b3 Nf6 6. 0-0 Be7 7. d3 0-0 8. Nh4 Bg4 9. h3 Bh5 10. cxd5 cxd5 11. Bb2 Nc6 12. Nd2 Rc8 13. Nhf3 1/2-1/2

[Event "ITA-ch U20 25th"]
[Site "Bratto"]
[Date "2002.08.23"]
[Round "4"]
[White "Longo, Aldo"]
[Black "Bracali, Andrea"]
[Result "1-0"]
[WhiteElo "1575"]
[BlackElo "1488"]
[PlyCount "75"]
[EventDate "2002.08.20"]
[EventType "swiss"]
[EventRounds "9"]
[EventCountry "ITA"]
[SourceTitle "EXT 2007"]
[Source "ChessBase"]
[SourceDate "2006.11.23"]
[SourceVersion "1"]
[SourceVersionDate "2006.11.23"]
[SourceQuality "1"]

1. e4 e6 2. d4 d5 3. Nd2 dxe4 4. Nxe4 Nd7 5. Bd3 Ngf6 6. Nxf6+ Nxf6 7. Bg5 Be7 8. Nf3 b6 9. 0-0 Bb7 10. Qe2 0-0 11. Rad1 c6 12. Ne5 Qc7 13. f4 g6 14. c4 Rad8 15. Qf2 c5 16. Qh4 Kg7 17. Bh6+ Kg8 18. Bxf8 Rxf8 19. dxc5 Qxc5+ 20. Qf2 Qa5 21. Qc2 Qc5+ 22. Kh1 Qc7 23. a3 Rd8 24. Rd2 Nh5 25. Be2 Nxf4 26. Rxd8+ Bxd8 27. Bf3 Bxf3 28. Nxf3 Be7 29. Nd4 e5 30. Nb5 Qb7 31. Re1 a6 32. Nc3 Bc5 33. Rxe5 Nh3 34. Re8+ Kg7 35. Ne4 Qd7 36. Rg8+ Kxg8 37. Nf6+ Kg7 38. Nxd7 1-0